000 00875cam a22002411i 4500
003 SA-RiAUC
005 20241127144154.0
008 241126s2001 qa g f000u0 ara c
040 _aJO-MaAABU
_bara
_cSA-RiAUC
_erda
082 0 4 _a953
090 _a953
_bس ا م
100 1 _aالسامرائي، نعمان عبد الرزاق،
_d1935-
_eمؤلف.
245 1 0 _aنحن والحضارة والشهود /
_cنعمان عبد الرزاق السامرائي.
264 1 _aالدوحة :
_bوزارة الثقافة،
_c2001
300 _a218 صفحة
336 _aنص
_btxt
_2rdacontent
_3كتاب
337 _aبدون وسيط
_bn
_2rdamedia
338 _aمجلد
_bnc
_2rdacarrier
650 7 _aالتاريخ الإسلامي
_2aucsh
650 7 _aالحضارة الإسلامية
_2aucsh
942 _2ddc
_cBOOK
_n0
949 _aSA-JeALM
_d241126
_umohamedma123
_n1
999 _c2822
_d2822